000 00417nam a2200205Ia 4500
001 000824
003 YMCAF
005 20230512160035.0
008 100717s1971 ||||||||||||||||| ||und|d
024 _a824
035 _a806
040 _aYMCAF
_beng
_cIN-KoLT
041 _aeng
082 _aUSI-SJO
100 _aSJOBBENA JW
245 0 _aUSING TRANSISTORS
260 _c1971
300 _a131
942 _2ddc
_cBK
999 _c641
_d641